| 000 | 00414nam a2200181#a 4500 | ||
|---|---|---|---|
| 001 | 01560 | ||
| 003 | HDC | ||
| 007 | ta | ||
| 008 | 230623s2023 xx 000 0 eng d | ||
| 040 | _aHDC | ||
| 050 |
_apharmaniaga HD9665.4 _b .L367 2007 |
||
| 110 | _aPharmaniaga. | ||
| 245 | 0 |
_a Laporan tahunan 2007 / _cPharmaniaga. |
|
| 942 | _2lcc | ||
| 942 | _cBK | ||
| 942 | _kpharmaniaga HD9665.4 | ||
| 942 | _m .L367 2007 | ||
| 999 |
_c23126 _d23126 |
||